00608nam a2200181 a 450000100100000000500170001000800410002702000180006804000250008608200150011110000270012624500980015326000370025130000270028850000470031550400270036270000370038900004697920201002053247.0180410s2016 dr a 000 0 spa d a9789945123579 aDO-SdBNPbspacBNPHU axxxxbxxxx1 aGarcía V., Alejandro10aEducación física 4 :bprimaria /cAlejandro García V., José Rafael Beras Rodríguez. aSanto Domingo :bSusaeta,c2016. a87 p. :bil. ;c29 cm. aEnfoque por competencias nuevo currículo aBibliografía : p. 871 aBeras Rodríguez, José Rafael